000 00275nam a22001217a 4500
020 _a0-668-02340-6
082 _a623.74 PER'F
100 _aPERETT, B
_978100
245 _aFIGHTING VEHICLES OF THE RED ARMY
260 _aNEWYORK
_bARCO
_c1969
300 _a104P
942 _cBK
999 _c583252
_d583252